000 00242nam a2200097Ia 4500
008 190216s9999||||xx |||||||||||||| ||und||
100 _aGopalakrishna Pilla S
245 0 _aSangikam Danashashthrathil
260 _bKerala Basha Inst
942 _cBK
999 _c39569
_d39569